Statistics for F1 Most Successful Teams

Click here to take the quiz!

General Stats

  • This quiz has been taken 217 times
  • The average score is 11 of 15

Answer Stats

PositionConstructors ChampionshipsDriver ChampionshipsTeam% Correct
116 (1961,1964, 1975, 1976,
1977, 1979, 1982, 1983, 1999,
2000, 2001, 2002, 2003, 2004,
2007, 2008)
15 (1952, 1953, 1956, 1958,
1961, 1964, 1975, 1977, 1979,
2000, 2001, 2002, 2003, 2004,
2007)
Ferrari
100%
47 (2014, 2015, 2016, 2017,
2018, 2019, 2020, 2021)
9 (1954, 1955, 2014, 2015, 2016,
2017, 2018, 2019, 2020)
Mercedes
100%
38 (1974, 1984, 1985, 1988,
1989, 1990, 1991, 1998)
12 (1974, 1976, 1984, 1985,
1986, 1988, 1989, 1990, 1991,
1998, 1999, 2008)
Mclaren
99%
64 (2010, 2011, 2012, 2013)5 (2010, 2011, 2012, 2013, 2021)Red Bull
98%
29 (1980, 1981, 1986, 1987,
1992, 1993, 1994, 1996, 1997)
7 (1980, 1982, 1987, 1992, 1993,
1996, 1997)
Williams
92%
92 (2005, 2006)2 (2005, 2006)Renault
83%
57 (1963, 1965, 1968, 1970,
1972, 1973, 1978)
6 (1963, 1965, 1968, 1970, 1972,
1978)
Lotus
80%
101 (1995)2 (1994, 1995)Benetton
67%
82 (1966, 1967)4 (1966, 1967, 1981, 1983)Brabham
67%
101 (2009)1 (2009)Brawn GP
56%
72 (1959, 1960)2 (1959, 1960)Cooper
53%
101 (1971)2 (1971, 1973)Tyrrell
49%
101 (1962)1 (1962)BRM
48%
101 (1958)0Vanwall
46%
101 (1969)1 (1969)Matra
44%

Score Distribution

Percentile by Number Answered

Percent of People with Each Score

Your Score History

You have not taken this quiz